[Event "DVM U16 2021"]
[Site "Kiel GER"]
[Date "2022.07.23"]
[Round "2"]
[White "Kittel, Lennart"]
[Black "Schröder, Lennart"]
[Result "0-1"]
[Termination "normal"]
[Board "3.2"]
[WhiteElo "1557"]
[BlackElo "2023"]
[WhiteClock "00:49:42"]
[BlackClock "00:00:57"]
[WhiteTeam "SF 1876 Göppingen"]
[BlackTeam "Schachklub Münster 32 e. V."]
[PlyCount "118"]
[WhiteFideId "16254171"]
[BlackFideId "16222490"]
[EventCountry "GER"]
[EventRounds "7"]
[EventType "team-swiss"]
[EventDate "2022.07.22"]

1. d4 {[%clk 01:30:51]} {[%emt 00:00:02]} Nf6 {[%clk 01:31:19]} 2. c4 {[%clk
01:31:10]} g6 {[%clk 01:31:34]} 3. Nc3 {[%clk 01:31:29]} d5 {[%clk 01:31:43]}
4. cxd5 {[%clk 01:31:52]} Nxd5 {[%clk 01:31:51]} 5. e4 {[%clk 01:32:12]} Nxc3
{[%clk 01:32:00]} 6. bxc3 {[%clk 01:32:34]} Bg7 {[%clk 01:31:53]} 7. Bc4 {[%clk
01:32:56]} c5 {[%clk 01:31:31]} 8. Ne2 {[%clk 01:32:55]} Nc6 {[%clk 01:31:35]}
9. Be3 {[%clk 01:33:10]} O-O {[%clk 01:26:27]} 10. h4 {[%clk 01:33:11]} cxd4
{[%clk 01:26:44]} 11. cxd4 {[%clk 01:33:29]} Qa5+ {[%clk 01:26:37]} 12. Kf1
{[%clk 01:33:25]} h5 {[%clk 01:24:47]} 13. Rc1 {[%clk 01:31:19]} Qa3 {[%clk
01:16:19]} 14. Qb3 {[%clk 01:31:28]} Qxb3 {[%clk 01:16:05]} 15. Bxb3 {[%clk
01:26:58]} Rd8 {[%clk 01:11:28]} 16. e5 {[%clk 01:24:05]} Bf5 {[%clk 01:04:56]}
17. Kg1 {[%clk 01:13:46]} e6 {[%clk 00:53:01]} 18. Kh2 {[%clk 01:12:43]} Bf8
{[%clk 00:46:47]} 19. Bg5 {[%clk 01:10:29]} Rdc8 {[%clk 00:42:09]} 20. Rhd1
{[%clk 01:04:54]} Ba3 {[%clk 00:36:34]} 21. Rc3 {[%clk 00:53:33]} Na5 {[%clk
00:29:05]} 22. Bc1 {[%clk 00:48:41]} Rxc3 {[%clk 00:28:36]} 23. Nxc3 {[%clk
00:48:34]} Bb4 {[%clk 00:19:57]} 24. Bd2 {[%clk 00:47:57]} Bxc3 {[%clk
00:20:03]} 25. Bxc3 {[%clk 00:48:19]} Nxb3 {[%clk 00:19:37]} 26. axb3 {[%clk
00:48:38]} Bc2 {[%clk 00:18:07]} 27. Rc1 {[%clk 00:48:59]} Bxb3 {[%clk
00:15:47]} 28. Bb4 {[%clk 00:46:56]} Bd5 {[%clk 00:14:00]} 29. Ra1 {[%clk
00:43:50]} b6 {[%clk 00:12:37]} 30. Bd6 {[%clk 00:35:33]} Bc4 {[%clk 00:06:53]}
31. Bc7 {[%clk 00:35:23]} b5 {[%clk 00:03:30]} 32. Bd6 {[%clk 00:34:07]} a5
{[%clk 00:02:37]} 33. Bb4 {[%clk 00:34:15]} a4 {[%clk 00:02:23]} 34. Kg3 {[%clk
00:32:37]} Bd5 {[%clk 00:01:49]} 35. f3 {[%clk 00:30:58]} Rc8 {[%clk 00:01:39]}
36. Bc5 {[%clk 00:27:07]} f6 {[%clk 00:00:43]} 37. f4 {[%clk 00:23:48]} f5
{[%clk 00:00:55]} 38. Kf2 {[%clk 00:24:11]} Kf7 {[%clk 00:01:09]} 39. g3 {[%clk
00:24:16]} Ke8 {[%clk 00:00:57]} 40. Ke2 {[%clk 00:22:19]} Kd7 {[%clk
00:28:07]} 41. Kd2 {[%clk 00:52:04]} Kc6 {[%clk 00:21:54]} 42. Bb4 {[%clk
00:51:41]} Bc4 {[%clk 00:18:46]} 43. Rc1 {[%clk 00:51:44]} Kd5 {[%clk
00:18:00]} 44. Ke3 {[%clk 00:51:05]} Rc6 {[%clk 00:16:55]} 45. Rc3 {[%clk
00:49:28]} Bb3 {[%clk 00:16:47]} 46. Rxc6 {[%clk 00:49:52]} Kxc6 {[%clk
00:13:30]} 47. Kd2 {[%clk 00:50:05]} Kd5 {[%clk 00:13:30]} 48. Kd3 {[%clk
00:50:29]} Bc4+ {[%clk 00:13:36]} 49. Ke3 {[%clk 00:50:14]} Bf1 {[%clk
00:04:42]} 50. Bc5 {[%clk 00:49:41]} Kc4 {[%clk 00:04:45]} 51. Kd2 {[%clk
00:48:45]} b4 {[%clk 00:03:25]} 52. Kc2 {[%clk 00:47:46]} a3 {[%clk 00:01:48]}
53. Kb1 {[%clk 00:47:46]} Bg2 {[%clk 00:00:47]} 54. Ka1 {[%clk 00:47:57]} Bd5
{[%clk 00:00:47]} 55. Bd6 {[%clk 00:48:15]} Kb3 {[%clk 00:00:46]} 56. Bc5
{[%clk 00:48:36]} Ka4 {[%clk 00:00:36]} 57. Kb1 {[%clk 00:48:56]} b3 {[%clk
00:00:33]} 58. Ka1 {[%clk 00:49:17]} b2+ {[%clk 00:00:57]} 59. Kb1 {[%clk
00:49:42]} Be4+ 0-1

[Event "DVM U16 2021"]
[Site "Kiel GER"]
[Date "2022.07.23"]
[Round "2"]
[White "Toval, David"]
[Black "Schedel, Loris"]
[Result "1-0"]
[Termination "normal"]
[Board "3.3"]
[WhiteElo "1830"]
[BlackElo "1520"]
[WhiteClock "00:30:38"]
[BlackClock "00:31:11"]
[WhiteTeam "Schachklub Münster 32 e. V."]
[BlackTeam "SF 1876 Göppingen"]
[PlyCount "113"]
[WhiteFideId "12992755"]
[BlackFideId "16255542"]
[EventCountry "GER"]
[EventRounds "7"]
[EventType "team-swiss"]
[EventDate "2022.07.22"]

1. e4 {[%clk 01:30:57]} {[%emt 00:00:02]} e5 {[%clk 01:30:53]} {[%emt
00:00:08]} 2. Nf3 {[%clk 01:31:21]} {[%emt 00:00:05]} Nc6 {[%clk 01:31:12]}
{[%emt 00:00:11]} 3. Bb5 {[%clk 01:31:46]} {[%emt 00:00:05]} a6 {[%clk
01:31:27]} {[%emt 00:00:15]} 4. Ba4 {[%clk 01:32:06]} {[%emt 00:00:11]} Nf6
{[%clk 01:31:36]} {[%emt 00:00:20]} 5. O-O {[%clk 01:32:27]} {[%emt 00:00:09]}
b5 {[%clk 01:31:09]} {[%emt 00:00:57]} 6. Bb3 {[%clk 01:32:50]} {[%emt
00:00:07]} Be7 {[%clk 01:31:32]} {[%emt 00:00:07]} 7. Re1 {[%clk 01:33:11]}
{[%emt 00:00:10]} O-O {[%clk 01:31:52]} {[%emt 00:00:09]} 8. c3 {[%clk
01:33:35]} {[%emt 00:00:06]} d5 {[%clk 01:32:03]} {[%emt 00:00:19]} 9. exd5
{[%clk 01:33:11]} {[%emt 00:00:54]} Nxd5 {[%clk 01:32:21]} {[%emt 00:00:11]}
10. Nxe5 {[%clk 01:33:35]} {[%emt 00:00:07]} Nxe5 {[%clk 01:32:37]} {[%emt
00:00:14]} 11. Rxe5 {[%clk 01:34:01]} {[%emt 00:00:04]} c6 {[%clk 01:32:54]}
{[%emt 00:00:14]} 12. d4 {[%clk 01:34:02]} {[%emt 00:00:28]} Bd6 {[%clk
01:30:30]} {[%emt 00:02:54]} 13. Re1 {[%clk 01:34:25]} {[%emt 00:00:07]} Qh4
{[%clk 01:30:40]} {[%emt 00:00:20]} 14. g3 {[%clk 01:34:50]} {[%emt 00:00:04]}
Qh3 {[%clk 01:31:00]} {[%emt 00:00:11]} 15. Bxd5 {[%clk 01:28:49]} {[%emt
00:06:31]} cxd5 {[%clk 01:24:31]} {[%emt 00:06:59]} 16. Qf3 {[%clk 01:29:11]}
{[%emt 00:00:07]} Qf5 {[%clk 01:21:45]} {[%emt 00:03:16]} 17. Qxf5 {[%clk
01:28:13]} {[%emt 00:01:29]} Bxf5 {[%clk 01:22:03]} {[%emt 00:00:11]} 18. Be3
{[%clk 01:25:48]} {[%emt 00:02:55]} b4 {[%clk 01:18:03]} {[%emt 00:04:31]} 19.
cxb4 {[%clk 01:23:56]} {[%emt 00:02:22]} Bxb4 {[%clk 01:17:17]} {[%emt
00:01:16]} 20. Bd2 {[%clk 01:24:04]} {[%emt 00:00:22]} Rab8 {[%clk 01:12:36]}
{[%emt 00:05:11]} 21. Bc3 {[%clk 01:17:14]} {[%emt 00:07:20]} Rfc8 {[%clk
01:09:36]} {[%emt 00:03:30]} 22. a3 {[%clk 01:13:52]} {[%emt 00:03:52]} Bd6
{[%clk 01:02:48]} {[%emt 00:07:18]} 23. Nd2 {[%clk 01:11:45]} {[%emt 00:02:37]}
h6 {[%clk 01:00:08]} {[%emt 00:03:10]} 24. Re3 {[%clk 00:58:05]} {[%emt
00:14:09]} Rc7 {[%clk 00:58:26]} {[%emt 00:02:13]} 25. Nf3 {[%clk 00:43:04]}
{[%emt 00:15:30]} g5 {[%clk 00:49:52]} {[%emt 00:09:05]} 26. Ne1 {[%clk
00:40:24]} {[%emt 00:03:09]} Be4 {[%clk 00:43:32]} {[%emt 00:06:51]} 27. f3
{[%clk 00:34:27]} {[%emt 00:06:26]} Bg6 {[%clk 00:42:19]} {[%emt 00:01:43]} 28.
Nd3 {[%clk 00:34:00]} {[%emt 00:00:58]} Bxd3 {[%clk 00:35:11]} {[%emt
00:07:38]} 29. Rxd3 {[%clk 00:34:21]} {[%emt 00:00:08]} Re7 {[%clk 00:35:22]}
{[%emt 00:00:19]} 30. Kf2 {[%clk 00:34:26]} {[%emt 00:00:24]} Kg7 {[%clk
00:31:44]} {[%emt 00:04:09]} 31. Re3 {[%clk 00:32:35]} {[%emt 00:02:21]} Rxe3
{[%clk 00:28:59]} {[%emt 00:03:15]} 32. Kxe3 {[%clk 00:32:57]} {[%emt
00:00:08]} f5 {[%clk 00:28:52]} {[%emt 00:00:37]} 33. b4 {[%clk 00:28:43]}
{[%emt 00:04:44]} f4+ {[%clk 00:27:48]} {[%emt 00:01:34]} 34. Kf2 {[%clk
00:28:56]} {[%emt 00:00:17]} Re8 {[%clk 00:27:37]} {[%emt 00:00:41]} 35. Bd2
{[%clk 00:28:37]} {[%emt 00:00:49]} Rc8 {[%clk 00:26:19]} {[%emt 00:01:46]} 36.
Rc1 {[%clk 00:28:32]} {[%emt 00:00:36]} Rc4 {[%clk 00:22:43]} {[%emt 00:04:07]}
37. Rxc4 {[%clk 00:27:30]} {[%emt 00:01:33]} dxc4 {[%clk 00:23:05]} {[%emt
00:00:08]} 38. g4 {[%clk 00:27:37]} {[%emt 00:00:22]} Kf6 {[%clk 00:23:20]}
{[%emt 00:00:15]} 39. Ke2 {[%clk 00:19:59]} {[%emt 00:08:08]} Ke6 {[%clk
00:22:57]} {[%emt 00:00:54]} 40. Bc3 {[%clk 00:20:04]} {[%emt 00:00:24]} Kd5
{[%clk 00:22:22]} {[%emt 00:01:05]} 41. Kd2 {[%clk 00:19:44]} {[%emt 00:00:51]}
Bc7 {[%clk 00:20:10]} {[%emt 00:02:42]} 42. a4 {[%clk 00:19:25]} {[%emt
00:00:49]} Bb6 {[%clk 00:20:05]} {[%emt 00:00:34]} 43. b5 {[%clk 00:17:12]}
{[%emt 00:02:43]} a5 {[%clk 00:19:01]} {[%emt 00:01:34]} 44. Bb2 {[%clk
00:16:57]} {[%emt 00:00:45]} Ba7 {[%clk 00:14:49]} {[%emt 00:04:42]} 45. Kc2
{[%clk 00:03:44]} {[%emt 00:13:43]} Bb6 {[%clk 00:12:42]} {[%emt 00:02:38]} 46.
Bc3 {[%clk 00:03:02]} {[%emt 00:01:11]} Bc7 {[%clk 00:09:58]} {[%emt 00:03:13]}
47. Bb2 {[%clk 00:01:31]} {[%emt 00:02:02]} Bd6 {[%clk 00:08:31]} {[%emt
00:01:57]} 48. b6 {[%clk 00:30:30]} {[%emt 00:01:31]} Kc6 {[%clk 00:33:29]}
{[%emt 00:05:33]} 49. Kc3 {[%clk 00:30:47]} {[%emt 00:00:13]} Kxb6 {[%clk
00:33:06]} {[%emt 00:00:53]} 50. Kxc4 {[%clk 00:31:08]} {[%emt 00:00:08]} Kc6
{[%clk 00:33:03]} {[%emt 00:00:33]} 51. d5+ {[%clk 00:31:19]} {[%emt 00:00:19]}
Kd7 {[%clk 00:29:51]} {[%emt 00:03:42]} 52. Bg7 {[%clk 00:29:52]} {[%emt
00:01:57]} h5 {[%clk 00:30:13]} {[%emt 00:00:09]} 53. gxh5 {[%clk 00:30:03]}
{[%emt 00:00:18]} g4 {[%clk 00:30:34]} {[%emt 00:00:09]} 54. fxg4 {[%clk
00:30:28]} {[%emt 00:00:05]} f3 {[%clk 00:30:52]} {[%emt 00:00:12]} 55. Kd3
{[%clk 00:30:07]} {[%emt 00:00:52]} Bxh2 {[%clk 00:30:58]} {[%emt 00:00:23]}
56. h6 {[%clk 00:30:15]} {[%emt 00:00:22]} f2 {[%clk 00:31:11]} {[%emt
00:00:18]} 57. Ke2 {[%clk 00:30:38]} {[%emt 00:00:06]} 1-0

[Event "DVM U16 2021"]
[Site "Kiel GER"]
[Date "2022.07.23"]
[Round "2"]
[White "Heilig, Tim Markus"]
[Black "Kvantaliani, Saba"]
[Result "1/2-1/2"]
[Termination "normal"]
[Board "3.4"]
[WhiteElo "1365"]
[BlackElo "1664"]
[WhiteClock "00:00:37"]
[BlackClock "00:00:57"]
[WhiteTeam "SF 1876 Göppingen"]
[BlackTeam "Schachklub Münster 32 e. V."]
[PlyCount "125"]
[WhiteFideId "16295935"]
[BlackFideId "16284364"]
[EventCountry "GER"]
[EventRounds "7"]
[EventType "team-swiss"]
[EventDate "2022.07.22"]

1. Nf3 {[%clk 01:30:48]} {[%emt 00:00:03]} d5 {[%clk 01:31:21]} 2. d4 {[%clk
01:31:07]} c5 {[%clk 01:28:44]} 3. e3 {[%clk 01:31:29]} Nc6 {[%clk 01:26:15]}
4. c4 {[%clk 01:29:54]} e6 {[%clk 01:25:24]} 5. Nc3 {[%clk 01:30:17]} Nf6
{[%clk 01:24:47]} 6. a3 {[%clk 01:28:10]} a5 {[%clk 01:21:16]} 7. cxd5 {[%clk
01:27:16]} exd5 {[%clk 01:16:15]} 8. Be2 {[%clk 01:23:42]} Be7 {[%clk
01:15:05]} 9. O-O {[%clk 01:23:57]} O-O {[%clk 01:13:23]} 10. dxc5 {[%clk
01:23:49]} Bxc5 {[%clk 01:08:51]} 11. Qc2 {[%clk 01:21:11]} Qe7 {[%clk
01:05:30]} 12. b3 {[%clk 01:14:42]} Be6 {[%clk 01:02:34]} 13. Bb2 {[%clk
01:11:18]} Rac8 {[%clk 00:51:59]} 14. Qd1 {[%clk 01:04:52]} Rfd8 {[%clk
00:50:20]} 15. Nb5 {[%clk 01:02:35]} Ne4 {[%clk 00:48:46]} 16. Nbd4 {[%clk
00:48:17]} f5 {[%clk 00:44:02]} 17. Rc1 {[%clk 00:39:46]} Bd7 {[%clk 00:37:02]}
18. Nb5 {[%clk 00:33:22]} Be8 {[%clk 00:30:02]} 19. Nfd4 {[%clk 00:28:21]} g6
{[%clk 00:20:56]} 20. Rc2 {[%clk 00:22:02]} Nxd4 {[%clk 00:20:13]} 21. Nxd4
{[%clk 00:17:15]} Bxa3 {[%clk 00:13:22]} 22. Qc1 {[%clk 00:10:12]} Rxc2 {[%clk
00:13:40]} 23. Qxc2 {[%clk 00:10:05]} Bc5 {[%clk 00:11:19]} 24. Qd3 {[%clk
00:06:53]} Qd7 {[%clk 00:09:13]} 25. Nf3 {[%clk 00:05:48]} b6 {[%clk 00:09:00]}
26. Rd1 {[%clk 00:05:44]} Qe6 {[%clk 00:08:15]} 27. Nd4 {[%clk 00:05:37]} Qe7
{[%clk 00:05:49]} 28. Rc1 {[%clk 00:04:46]} Bd7 {[%clk 00:05:43]} 29. Nf3
{[%clk 00:04:12]} Be8 {[%clk 00:03:38]} 30. Nd4 {[%clk 00:03:15]} Ra8 {[%clk
00:03:04]} 31. Ra1 {[%clk 00:03:01]} Rc8 {[%clk 00:02:25]} 32. Nf3 {[%clk
00:02:31]} Qe6 {[%clk 00:02:05]} 33. Rd1 {[%clk 00:02:02]} Rd8 {[%clk
00:01:36]} 34. Rc1 {[%clk 00:01:47]} Bd7 {[%clk 00:01:36]} 35. Rd1 {[%clk
00:01:50]} Be8 {[%clk 00:01:51]} 36. Nd4 {[%clk 00:01:55]} Qe7 {[%clk
00:01:22]} 37. f3 {[%clk 00:02:03]} Nf6 {[%clk 00:01:21]} 38. Qc3 {[%clk
00:01:26]} Bb4 {[%clk 00:00:42]} 39. Qd3 {[%clk 00:01:17]} Bc5 {[%clk
00:00:37]} 40. Kf2 {[%clk 00:00:34]} Qd6 {[%clk 00:28:41]} 41. g3 {[%clk
00:24:40]} Qe7 {[%clk 00:22:02]} 42. Rc1 {[%clk 00:23:25]} Bd7 {[%clk
00:18:32]} 43. Qd2 {[%clk 00:22:04]} Re8 {[%clk 00:14:17]} 44. Bc3 {[%clk
00:18:05]} h5 {[%clk 00:13:09]} 45. Re1 {[%clk 00:14:56]} h4 {[%clk 00:10:08]}
46. Bd1 {[%clk 00:11:20]} Qh7 {[%clk 00:09:04]} {[%emt 04:25:30]} 47. Rg1
{[%clk 00:10:32]} Kf7 {[%clk 00:07:32]} 48. Nc2 {[%clk 00:08:30]} Qh6 {[%clk
00:04:39]} 49. Nd4 {[%clk 00:06:01]} g5 {[%clk 00:02:54]} 50. b4 {[%clk
00:06:11]} axb4 {[%clk 00:03:12]} 51. Bxb4 {[%clk 00:06:17]} g4 {[%clk
00:02:05]} 52. Bxc5 {[%clk 00:06:39]} bxc5 {[%clk 00:01:44]} 53. Nb3 {[%clk
00:03:52]} d4 {[%clk 00:01:41]} 54. exd4 {[%clk 00:04:14]} hxg3+ {[%clk
00:01:39]} 55. hxg3 {[%clk 00:04:39]} Qxd2+ {[%clk 00:02:03]} 56. Nxd2 {[%clk
00:05:04]} cxd4 {[%clk 00:02:10]} 57. Nc4 {[%clk 00:04:01]} Kg7 {[%clk
00:01:40]} 58. Re1 {[%clk 00:01:04]} Rxe1 {[%clk 00:02:02]} 59. Kxe1 {[%clk
00:00:47]} Bc6 {[%clk 00:01:49]} 60. fxg4 {[%clk 00:00:47]} fxg4 {[%clk
00:01:44]} 61. Ne5 {[%clk 00:00:45]} Bb5 {[%clk 00:01:53]} 62. Nxg4 {[%clk
00:01:04]} Ne4 {[%clk 00:00:57]} 63. Be2 {[%clk 00:00:37]} *

[Event "DVM U16 2021"]
[Site "Kiel GER"]
[Date "2022.07.23"]
[Round "2"]
[White "Mainka, Alwin"]
[Black "Reichmann, Felix"]
[Result "1-0"]
[Termination "normal"]
[Board "4.1"]
[WhiteElo "2011"]
[BlackElo "1827"]
[WhiteClock "00:39:32"]
[BlackClock "00:00:36"]
[WhiteTeam "DJK Arminia Eilendorf 1919 e. V."]
[BlackTeam "Schachfreunde Nordost Berlin"]
[PlyCount "75"]
[WhiteFideId "16241177"]
[BlackFideId "16238290"]
[EventCountry "GER"]
[EventRounds "7"]
[EventType "team-swiss"]
[EventDate "2022.07.22"]

1. e4 {[%clk 01:30:56]} {[%emt 00:00:03]} c5 {[%clk 01:30:53]} {[%emt
00:00:08]} 2. Nf3 {[%clk 01:31:20]} {[%emt 00:00:05]} g6 {[%clk 01:30:52]}
{[%emt 00:00:32]} 3. d4 {[%clk 01:31:38]} {[%emt 00:00:12]} cxd4 {[%clk
01:31:19]} {[%emt 00:00:03]} 4. Nxd4 {[%clk 01:32:02]} {[%emt 00:00:05]} Bg7
{[%clk 01:31:45]} {[%emt 00:00:04]} 5. Nc3 {[%clk 01:32:22]} {[%emt 00:00:10]}
Nc6 {[%clk 01:32:03]} {[%emt 00:00:11]} 6. Be3 {[%clk 01:32:10]} {[%emt
00:00:42]} Nf6 {[%clk 01:32:26]} {[%emt 00:00:07]} 7. Nb3 {[%clk 01:30:33]}
{[%emt 00:02:07]} d6 {[%clk 01:30:55]} {[%emt 00:02:01]} 8. f3 {[%clk
01:30:14]} {[%emt 00:00:49]} Be6 {[%clk 01:30:17]} {[%emt 00:01:08]} 9. Qd2
{[%clk 01:29:07]} {[%emt 00:01:36]} a6 {[%clk 01:24:30]} {[%emt 00:06:17]} 10.
O-O-O {[%clk 01:27:31]} {[%emt 00:02:07]} Bxb3 {[%clk 01:22:49]} {[%emt
00:02:12]} 11. cxb3 {[%clk 01:27:41]} {[%emt 00:00:19]} b5 {[%clk 01:21:20]}
{[%emt 00:01:59]} 12. Kb1 {[%clk 01:27:46]} {[%emt 00:00:26]} Ne5 {[%clk
01:13:24]} {[%emt 00:08:24]} 13. Be2 {[%clk 01:27:40]} {[%emt 00:00:37]} Qd7
{[%clk 01:10:58]} {[%emt 00:02:57]} 14. g4 {[%clk 01:27:07]} {[%emt 00:01:03]}
h6 {[%clk 01:09:50]} {[%emt 00:01:38]} 15. h3 {[%clk 01:26:18]} {[%emt
00:01:19]} Qb7 {[%clk 01:08:32]} {[%emt 00:01:48]} 16. h4 {[%clk 01:23:38]}
{[%emt 00:03:11]} Rc8 {[%clk 01:01:58]} {[%emt 00:07:02]} 17. Rhg1 {[%clk
01:23:32]} {[%emt 00:00:37]} Ned7 {[%clk 01:01:10]} {[%emt 00:01:18]} 18. g5
{[%clk 01:21:52]} {[%emt 00:02:10]} hxg5 {[%clk 01:01:24]} {[%emt 00:00:16]}
19. hxg5 {[%clk 01:22:16]} {[%emt 00:00:06]} Nh5 {[%clk 01:00:53]} {[%emt
00:01:01]} 20. Bd4 {[%clk 01:22:30]} {[%emt 00:00:17]} Nc5 {[%clk 01:00:33]}
{[%emt 00:00:49]} 21. Nd5 {[%clk 01:22:08]} {[%emt 00:00:52]} Ne6 {[%clk
00:53:14]} {[%emt 00:07:49]} 22. Bxg7 {[%clk 01:21:05]} {[%emt 00:01:33]} Nhxg7
{[%clk 00:52:11]} {[%emt 00:01:33]} 23. f4 {[%clk 01:17:33]} {[%emt 00:04:02]}
Nc7 {[%clk 00:47:16]} {[%emt 00:05:25]} 24. Bg4 {[%clk 01:14:58]} {[%emt
00:03:05]} Rd8 {[%clk 00:45:42]} {[%emt 00:02:03]} 25. Qd4 {[%clk 01:14:59]}
{[%emt 00:00:30]} Rg8 {[%clk 00:45:01]} {[%emt 00:01:11]} 26. Rh1 {[%clk
01:14:07]} {[%emt 00:01:22]} Nge6 {[%clk 00:37:43]} {[%emt 00:07:48]} 27. Rh8
{[%clk 01:11:13]} {[%emt 00:03:24]} Rxh8 {[%clk 00:36:51]} {[%emt 00:01:23]}
28. Qxh8+ {[%clk 01:11:28]} {[%emt 00:00:14]} Nf8 {[%clk 00:34:19]} {[%emt
00:03:02]} 29. Qd4 {[%clk 01:04:27]} {[%emt 00:07:31]} Nxd5 {[%clk 00:28:08]}
{[%emt 00:06:41]} 30. exd5 {[%clk 01:04:45]} {[%emt 00:00:12]} Nd7 {[%clk
00:23:24]} {[%emt 00:05:14]} 31. Rh1 {[%clk 01:03:09]} {[%emt 00:02:06]} e5
{[%clk 00:23:20]} {[%emt 00:00:34]} 32. Qe4 {[%clk 00:53:29]} {[%emt 00:10:10]}
Qc7 {[%clk 00:15:07]} {[%emt 00:08:43]} 33. f5 {[%clk 00:49:29]} {[%emt
00:04:30]} gxf5 {[%clk 00:14:11]} {[%emt 00:01:25]} 34. Qxf5 {[%clk 00:44:40]}
{[%emt 00:05:19]} Nf8 {[%clk 00:13:40]} {[%emt 00:01:01]} 35. Rh8 {[%clk
00:44:09]} {[%emt 00:01:02]} Qc5 {[%clk 00:04:14]} {[%emt 00:09:55]} 36. a3
{[%clk 00:38:52]} {[%emt 00:05:46]} Qg1+ {[%clk 00:01:12]} {[%emt 00:03:33]}
37. Ka2 {[%clk 00:39:15]} {[%emt 00:00:07]} Qa7 {[%clk 00:00:36]} {[%emt
00:01:07]} 38. g6 {[%clk 00:39:32]} {[%emt 00:00:13]} 1-0